000
00287nam a2200121Ia 4500
005
20251222154408.0
008
251222s9999||||xx |||||||||||||| ||spa||
020
_a
84-7530213-0
082
_a
330.9/S29
100
_a
"Schumacher, E. F."
245
0
_a
Lo pequeño es hermoso
942
_c
LIB
999
_c
35543
_d
35543